Score 0/52 Timer 15:00
2 Plays Today
a b % Correct
Group ASaw
97.2%
Group ARace
94%
Group CShow
83.3%
Group ASun
82%
Group BMachine
73.1%
Group BUnion
72.9%
Group BClub
70.5%
Group AWork
68.1%
Group CDate
66.2%
Group BAmerican
66.2%
Group BShot
63.9%
Group BSignal
62.3%
Group CMonkey
60.6%
Group BHand
60.2%
Group ATelevision
57.1%
Group AWall
56.2%
Group ANews
55.8%
Group CGroup
55.3%
Group BWhite
54%
Group BBoard
53.1%
Group CWedding
48.9%
Group CVacation
47.9%
Group EGun
45.9%
Group DHorse
45.8%
Group AHORSE
45.2%
Group BGUN
45.2%
a b % Correct
Group COver
45.1%
Group ATrain
43.9%
Group AGraph
40.5%
Group DPaper
30.3%
Group APAPER
29.8%
Group EFlag
29.4%
Group CRest
29.4%
Group BFLAG
29%
Group EMember
26%
Group BMEMBER
25.7%
Group FBusiness
25.6%
Group CBUSINESS
25.2%
Group FNight
24.9%
Group CNIGHT
24.7%
Group CFamily
24.4%
Group DSet
23.9%
Group ASET
23.6%
Group ESHIP
21.1%
Group GShip
21.1%
Group FHome
20.6%
Group CHOME
20.3%
Group GBack
11.9%
Group DBACK
11.9%
Group FSCHOOL
8.4%
Group GSchool
8.3%
Group GYARD
8%
Come Together.
Have Fun.
All Virtual.
We all need to come together. Play Sporcle's virtual live trivia to have fun, connect with people, and get your trivia on. Join a live hosted trivia game for your favorite pub trivia experience done virtually. If a virtual private party is more your thing, go here for details.

You're not logged in!

Compare scores with friends on all Sporcle quizzes.
OR
Log In

Sporcle TV

Today on Sporcle TV


Watch our educational content, quiz creation guides, and fun videos on Sporcle TV.

Show Comments

Extras

Top Quizzes Today


Score Distribution

Paid Content

Your Account Isn't Verified!

In order to create a playlist on Sporcle, you need to verify the email address you used during registration. Go to your Sporcle Settings to finish the process.

Report this User

Report this user for behavior that violates our Community Guidelines.

Details: